00550 2200205 4500001002100000005001500021035002000036245005700056100002000113250001000133300003200143700001300175260004000188082000800228084001400236020001800250650002100268008004100289990001400330INLIS00000000000201320260413103123 a0010-04260000121 aSerama :bAyam Mungil nan Eksotik /cAgus Ruswinarno0 aAgus Ruswinarno aCet I a116 hlm. :bilus. ;c24 cm.0 aHadiiswa aJakarta :bAgroMedia Pustaka,c2011 a635 a635 AGU s a979-006-362-8 4aBudidaya Tanaman260413 0 ind  a202203933